Zaklínač : encyklopedie : ilustrovaný a dešifrovaný svět Andrzeje Sapkowského /
Průvodce světem fantasy cyklu Zaklínač polského spisovatele Andreje Sapkowského. Publikaci ocení příznivci knižní předlohy, počítačové hry i seriálu.
Uloženo v:
| Hlavní autor: | |
|---|---|
| Další autoři: | , |
| Médium: | E-kniha |
| Jazyk: | Czech |
| Vydáno: |
Zlín :
Kniha Zlin,
2023
|
| Vydání: | Vydání první |
| Témata: | |
| Tagy: |
Žádné tagy |
| LEADER | 03273nam a2200673 i 4500 | ||
|---|---|---|---|
| 001 | 312118 | ||
| 003 | CZ PrSKC | ||
| 005 | 20260601215717.0 | ||
| 007 | ta | ||
| 008 | 230925s2023 xr ab g e 001 0 cze | ||
| 015 | |a cnb003549449 | ||
| 020 | |a 9788076625310 |q (vázáno) : |c Kč 499,00 | ||
| 035 | |a (OCoLC)1408817208 | ||
| 040 | |a OLA001 |b cze |d ABA001 |e rda | ||
| 041 | 1 | |a cze |h fre | |
| 043 | |a e-pl--- | ||
| 045 | |a x-x- | ||
| 072 | 7 | |a 821.162.1.09 |x Polská literatura (o ní) |2 Konspekt | |
| 080 | |a 821.162.1 |2 MRF | ||
| 080 | |a 82-312.9 |2 MRF | ||
| 080 | |a 82-052 |2 MRF | ||
| 080 | |a (438) |2 MRF | ||
| 080 | |a (031) |2 MRF | ||
| 080 | |a (084.11) |2 MRF | ||
| 100 | 1 | |a Puyssegur, Alain T., |d 1991- |7 xx0252083 |4 aut | |
| 240 | 1 | 0 | |a Sorceleur. |l Česky |
| 245 | 1 | 0 | |a Zaklínač : |b encyklopedie : ilustrovaný a dešifrovaný svět Andrzeje Sapkowského / |c Alain T. Puysségur ; z francouzského originálu Codex le Sorceleur ... přeložila Veronika Trusová |
| 246 | 1 | |i Název v tiráži: |a Zaklínač - encyklopedie | |
| 250 | |a Vydání první | ||
| 264 | 1 | |a Zlín : |b Kniha Zlin, |c 2023 | |
| 300 | |a 150 stran : |b ilustrace (převážně barevné), mapy ; |c 27 cm | ||
| 336 | |a text |b txt |2 rdacontent | ||
| 336 | |a statický obraz |b sti |2 rdacontent | ||
| 337 | |a bez média |b n |2 rdamedia | ||
| 338 | |a svazek |b nc |2 rdacarrier | ||
| 500 | |a "Texty Alain T. Puysségur, Andrzej Sapkowski"--Rub titulní stránky | ||
| 500 | |a V publikaci název originálu chybně, správně je: Le Sorceleur | ||
| 500 | |a Obsahuje rejstřík | ||
| 520 | 2 | |a Průvodce světem fantasy cyklu Zaklínač polského spisovatele Andreje Sapkowského. Publikaci ocení příznivci knižní předlohy, počítačové hry i seriálu. |b Bohatě ilustrovaná encyklopedie představuje místa a postavy cyklu. Hesla přibližují původ, vzhled a charakter Geraltových přátel i soupeřů. Nechybí ani medailony tvorů a monster, které se ve světě Zaklínače objevují (barbegazi, kurolišek, mlžák, žravucha a spol.). | |
| 600 | 1 | 7 | |a Sapkowski, Andrzej, |d 1948- |t Wiedźmin |7 aun2015882152 |2 czenas |
| 648 | 7 | |a 20. století |7 ch460558 |2 czenas | |
| 650 | 0 | 7 | |a polská literatura |7 ph115805 |y 20. století |2 czenas |
| 650 | 0 | 7 | |a fantasy literatura |7 ph120132 |z Polsko |y 20. století |2 czenas |
| 650 | 0 | 7 | |a literární postavy |7 ph122390 |2 czenas |
| 650 | 0 | 9 | |a Polish literature |y 20th century |2 eczenas |
| 650 | 0 | 9 | |a fantasy literature |z Poland |y 20th century |2 eczenas |
| 650 | 0 | 9 | |a literary characters |2 eczenas |
| 655 | 7 | |a encyklopedie |7 fd132201 |2 czenas | |
| 655 | 7 | |a obrazové publikace |7 fd132947 |2 czenas | |
| 655 | 9 | |a encyclopedias |2 eczenas | |
| 655 | 9 | |a pictorial works |2 eczenas | |
| 700 | 1 | |a Sapkowski, Andrzej, |d 1948- |7 jn20000604794 |4 aut |4 ant | |
| 700 | 1 | |a Trusová, Veronika |7 xx0262890 |4 trl | |
| 900 | |a ABA001 |b 20 | ||
| 928 | 9 | |a Albatros Media - Kniha Zlin | |
| 044 | |a xr | ||
| 910 | |a RBIT002 | ||
| 998 | |d 387931 |a https://core.palmknihy.cz/api/books/387931/cover?sgsp02 |b https://core.palmknihy.cz/api/books/387931/cover/400?sgsp02 |c https://core.palmknihy.cz/api/books/387931/cover/50?sgsp02 |e 2026-11-18 |g 152 |i 9788076625310 |k https://core.palmknihy.cz/api/books/387931/preview.pdf |l |q 49 |r 1 |s https://www.palmknihy.cz/kniha/387931 |t ebook |y 2023 |z 0 | ||
| 999 | |d 312116 | ||